[Event "Paris-ch op-B 87th"]
[Site "Paris"]
[Date "2012.07.12"]
[Round "6"]
[White "Dicko, Henri"]
[Black "Baron, Thierry"]
[Result "0-1"]
[WhiteElo "2121"]
[BlackElo "2274"]
[PlyCount "120"]
[EventDate "2012.07.07"]
[EventType "swiss"]
[EventRounds "9"]
[EventCountry "FRA"]
[SourceTitle "EXT 2013"]
[Source "ChessBase"]
[SourceDate "2012.11.22"]
[SourceVersion "1"]
[SourceVersionDate "2012.11.22"]
[SourceQuality "1"]

1. d4 Nf6 2. c4 g6 3. Nc3 d5 4. cxd5 Nxd5 5. Bd2 Nb6 6. Bf4 Bg7 7. e3 0-0 8. Nf3 Nc6 9. Rc1 Bf5 10. Bb5 Nb8 11. 0-0 c6 12. Be2 Nd5 13. Bg3 Be6 14. Na4 Bc8 15. Qb3 Nd7 16. Rfd1 N7f6 17. Nc5 Qb6 18. Qc2 Bh6 19. Nd2 Qd8 20. Bf3 Bxe3 21. fxe3 Nxe3 22. Qc3 Nxd1 23. Rxd1 Nd5 24. Qb3 b6 25. Nce4 Be6 26. Ng5 Bf5 27. Bxd5 Qxd5 28. Ngf3 Qxb3 29. Nxb3 f6 30. Be1 Rfd8 31. Rc1 Rac8 32. Bb4 Kf7 33. Re1 Rd7 34. h3 a5 35. Ba3 Be6 36. Re3 Bd5 37. Nc1 c5 38. dxc5 Bxf3 39. Rxf3 Rd1+ 40. Rf1 Rxf1+ 41. Kxf1 bxc5 42. Nb3 c4 43. Nxa5 c3 44. bxc3 Rxc3 45. Bb4 Rc1+ 46. Be1 Ra1 47. Nc6 Rxa2 48. Nd8+ Ke8 49. Ne6 Rc2 50. g4 Rc6 51. Nf4 Kf7 52. Ke2 Rc2+ 53. Bd2 e5 54. Nd5 Ke6 55. Ne3 Ra2 56. h4 f5 57. h5 f4 58. Nd1 gxh5 59. gxh5 Kf5 60. Nc3 f3+ 0-1

[Event "Paris-ch op-B 87th"]
[Site "Paris"]
[Date "2012.07.11"]
[Round "5"]
[White "Bucaille, Guy"]
[Black "Dicko, Henri"]
[Result "0-1"]
[WhiteElo "2046"]
[BlackElo "2121"]
[PlyCount "68"]
[EventDate "2012.07.07"]
[EventType "swiss"]
[EventRounds "9"]
[EventCountry "FRA"]
[SourceTitle "EXT 2013"]
[Source "ChessBase"]
[SourceDate "2012.11.22"]
[SourceVersion "1"]
[SourceVersionDate "2012.11.22"]
[SourceQuality "1"]

1. d4 f5 2. g3 Nf6 3. Bg2 g6 4. c4 Bg7 5. Nf3 0-0 6. 0-0 d6 7. Nc3 Qe8 8. d5 a5 9. Rb1 Na6 10. b3 h6 11. Nd4 Nc5 12. Ncb5 Qd8 13. a3 e5 14. dxe6 c6 15. Nc3 Nxe6 16. Nxe6 Bxe6 17. Bb2 Ng4 18. Na4 Ne5 19. c5 d5 20. Bd4 f4 21. Qd2 g5 22. Qc3 Qc7 23. Rbd1 g4 24. gxf4 Rxf4 25. Kh1 Raf8 26. Qg3 Qf7 27. e3 Rf5 28. Nc3 h5 29. e4 Rf4 30. Be3 Rf3 31. Bxf3 Nxf3 32. exd5 cxd5 33. Ne2 Be5 34. Qg2 Nh4 0-1

[Event "FRA-chT1A 1112"]
[Site "France"]
[Date "2012.01.14"]
[Round "6.3"]
[White "Dicko, Henri"]
[Black "Beudaert, Xavier"]
[Result "1-0"]
[WhiteElo "2142"]
[BlackElo "2333"]
[PlyCount "81"]
[EventDate "2011.10.16"]
[EventType "team-tourn"]
[EventRounds "11"]
[EventCountry "FRA"]
[SourceTitle "EXT 2013"]
[Source "ChessBase"]
[SourceDate "2012.11.22"]
[SourceVersion "1"]
[SourceVersionDate "2012.11.22"]
[SourceQuality "1"]
[WhiteTeam "JEEN"]
[BlackTeam "Clichy"]
[WhiteTeamCountry "FRA"]
[BlackTeamCountry "FRA"]

1. b3 e5 2. Bb2 Nc6 3. e3 Nf6 4. Bb5 d6 5. Nf3 Be7 6. d4 exd4 7. exd4 a6 8. Bd3 Bg4 9. h3 Bh5 10. a3 d5 11. Nbd2 Qd7 12. g4 Bg6 13. Ne5 Qe6 14. Qe2 Bxd3 15. Qxd3 Nd7 16. 0-0-0 0-0-0 17. f4 h5 18. g5 Ncxe5 19. dxe5 Nc5 20. Qe3 Kb8 21. Nf3 Ne4 22. Nd4 Qb6 23. Rhe1 g6 24. h4 Qa5 25. b4 Qb6 26. c4 c5 27. Nc2 dxc4 28. Qxe4 cxb4 29. axb4 Bxb4 30. Nxb4 Qxb4 31. e6 Rhe8 32. Rxd8+ Rxd8 33. e7 Re8 34. Qe5+ Ka8 35. Qc3 Qb6 36. Qd4 Qa5 37. Re5 Qc7 38. Ba3 b5 39. Rd5 Qa5 40. Rd8+ Kb7 41. Qd5+ 1-0

[Event "FRA-chT2 1011"]
[Site "France"]
[Date "2010.10.17"]
[Round "1.4"]
[White "Dicko, Henri"]
[Black "Matrand, Arnaud"]
[Result "1-0"]
[WhiteElo "2205"]
[BlackElo "2115"]
[PlyCount "41"]
[EventDate "2010.10.17"]
[EventType "team-tourn"]
[EventRounds "11"]
[EventCountry "FRA"]
[SourceTitle "EXT 2012"]
[Source "ChessBase"]
[SourceDate "2011.11.24"]
[SourceVersion "1"]
[SourceVersionDate "2011.11.24"]
[SourceQuality "1"]

1. e4 c5 2. Nf3 e6 3. d4 cxd4 4. Nxd4 Nc6 5. Nc3 Qc7 6. Be2 a6 7. 0-0 Nf6 8. Be3 Ne5 9. f4 Nc4 10. Bxc4 Qxc4 11. Qf3 Bc5 12. Rad1 0-0 13. Rd3 d5 14. e5 Nd7 15. Qg3 Re8 16. f5 Nf8 17. Rf4 Bxd4 18. Rfxd4 Qc7 19. Bh6 g6 20. Bxf8 Rxf8 21. f6 1-0

[Event "Paris-ch op-A"]
[Site "Paris"]
[Date "2010.07.08"]
[Round "6"]
[White "Anes, Emmanuel"]
[Black "Dicko, Henri"]
[Result "0-1"]
[WhiteElo "2139"]
[BlackElo "2191"]
[PlyCount "80"]
[EventDate "2010.07.03"]
[EventType "swiss"]
[EventRounds "9"]
[EventCountry "FRA"]
[SourceTitle "CBM 137 Extra"]
[Source "ChessBase"]
[SourceDate "2010.09.01"]
[SourceVersion "1"]
[SourceVersionDate "2010.09.01"]
[SourceQuality "1"]

1. c4 e5 2. Nc3 g6 3. g3 Bg7 4. Bg2 Ne7 5. d3 0-0 6. e3 c6 7. Qb3 Na6 8. Nge2 d6 9. 0-0 Be6 10. Qd1 Qd7 11. Rb1 d5 12. b3 Rfd8 13. Ba3 h6 14. e4 d4 15. Na4 Rac8 16. c5 Rb8 17. Qd2 b5 18. cxb6 axb6 19. f4 c5 20. Bc1 b5 21. Nb2 c4 22. bxc4 bxc4 23. dxc4 Bxc4 24. Nxc4 Rxb1 25. Qd3 Qb5 26. Nc3 Nc5 27. Qxb1 Qxc4 28. Qb6 Ra8 29. Nd5 Nxd5 30. exd5 Rxa2 31. d6 Qe2 32. Qc6 e4 33. Qc8+ Bf8 34. Qh3 Bxd6 35. f5 g5 36. f6 g4 37. Bf3 gxh3 38. Bxe2 Rxe2 39. Bxh6 d3 40. Ra1 Nb3 0-1

[Event "FRA-chT2 0910"]
[Site "France"]
[Date "2010.01.24"]
[Round "7.2"]
[White "Dicko, Henri"]
[Black "Borne, Niels"]
[Result "1-0"]
[WhiteElo "2202"]
[BlackElo "2293"]
[PlyCount "81"]
[EventDate "2009.09.27"]
[EventType "team-tourn"]
[EventRounds "11"]
[EventCountry "FRA"]
[SourceTitle "EXT 2011"]
[Source "ChessBase"]
[SourceDate "2010.11.26"]
[SourceVersion "1"]
[SourceVersionDate "2010.11.26"]
[SourceQuality "1"]

1. e4 c6 2. d4 d5 3. f3 e6 4. Nc3 Bb4 5. Bf4 Ne7 6. Qd3 b6 7. Nge2 Ba6 8. Qe3 c5 9. 0-0-0 Bxe2 10. Nxe2 Nbc6 11. Qf2 c4 12. Qg3 Ng6 13. h4 Nxf4 14. Nxf4 Kf8 15. h5 Bd6 16. e5 Be7 17. Kb1 b5 18. Qg4 Bg5 19. Nh3 Be3 20. g3 Qb6 21. f4 Bxd4 22. h6 g6 23. Ng5 Bc5 24. Bh3 Nd4 25. c3 Nf5 26. Qf3 b4 27. Bxf5 gxf5 28. cxb4 Be7 29. g4 Qxb4 30. gxf5 Rb8 31. Rh2 Bxg5 32. fxg5 c3 33. fxe6 Qe4+ 34. Qxe4 dxe4 35. Rf2 Ke7 36. exf7 Rxb2+ 37. Rxb2 cxb2 38. Kxb2 Ke6 39. Rf1 Rf8 40. Kc3 Kxe5 41. g6 1-0

[Event "FRA-chT2 0910"]
[Site "France"]
[Date "2009.12.13"]
[Round "6.2"]
[White "Payen, Arnaud"]
[Black "Dicko, Henri"]
[Result "1/2-1/2"]
[WhiteElo "2360"]
[BlackElo "2207"]
[PlyCount "75"]
[EventDate "2009.09.27"]
[EventType "team-tourn"]
[EventRounds "11"]
[EventCountry "FRA"]
[SourceTitle "EXT 2011"]
[Source "ChessBase"]
[SourceDate "2010.11.26"]
[SourceVersion "1"]
[SourceVersionDate "2010.11.26"]
[SourceQuality "1"]

1. Nf3 f5 2. g3 Nf6 3. Bg2 g6 4. 0-0 Bg7 5. d4 d6 6. c4 0-0 7. Nc3 Qe8 8. Nd5 Nxd5 9. cxd5 c6 10. dxc6 Nxc6 11. d5 Ne5 12. Ng5 Qb5 13. a4 Qa6 14. h4 Bd7 15. Ne6 Bxe6 16. dxe6 Rac8 17. Ra3 Rc7 18. b4 Qc4 19. Rb3 b6 20. a5 Rfc8 21. axb6 axb6 22. Be3 Qb5 23. Qd5 Qxe2 24. Bxb6 Rc1 25. Be3 Nf3+ 26. Qxf3 Rxf1+ 27. Kh2 Qxf3 28. Bxf3 Rc3 29. Rxc3 Bxc3 30. b5 Rb1 31. b6 Bb4 32. Bg5 Kf8 33. Bc6 Bc5 34. b7 Ba7 35. Bh6+ Kg8 36. Bg5 Kf8 37. Bh6+ Kg8 38. Bg5 1/2-1/2

[Event "FRA-chT2 0910"]
[Site "France"]
[Date "2009.11.22"]
[Round "4.4"]
[White "Giroux, Fabrice"]
[Black "Dicko, Henri"]
[Result "1/2-1/2"]
[WhiteElo "2166"]
[BlackElo "2219"]
[PlyCount "84"]
[EventDate "2009.09.27"]
[EventType "team-tourn"]
[EventRounds "11"]
[EventCountry "FRA"]
[SourceTitle "EXT 2011"]
[Source "ChessBase"]
[SourceDate "2010.11.26"]
[SourceVersion "1"]
[SourceVersionDate "2010.11.26"]
[SourceQuality "1"]

1. e4 e5 2. Nf3 Nc6 3. d4 Nf6 4. dxe5 Ng4 5. Bc4 Ncxe5 6. Nxe5 Nxe5 7. Bb3 Bc5 8. Qh5 d6 9. Bg5 Qd7 10. h3 Ng6 11. Nc3 Bb4 12. Bd2 0-0 13. 0-0-0 a5 14. a3 Bxc3 15. Bxc3 b5 16. Kb1 c5 17. Bd5 Ra6 18. b3 a4 19. b4 Qe7 20. e5 dxe5 21. bxc5 Be6 22. Qf3 Rc8 23. Bb4 Nf4 24. Bb7 Ra7 25. Bxc8 Bxc8 26. Qc6 Bf5 27. Qd6 Qxd6 28. Rxd6 h6 29. c6 Ne2 30. Rd8+ Kh7 31. Bd6 b4 32. Bxb4 Rc7 33. Rd6 Nd4 34. Kb2 Nxc6 35. c3 e4 36. Rhd1 Ne5 37. Ra6 Nd3+ 38. Rxd3 exd3 39. Kc1 Rc8 40. Ra7 Re8 41. Re7 Rxe7 42. Bxe7 Be6 1/2-1/2

[Event "FRA-chT2 0910"]
[Site "France"]
[Date "2009.10.18"]
[Round "3.1"]
[White "Dussart, Frederic"]
[Black "Dicko, Henri"]
[Result "1-0"]
[WhiteElo "2264"]
[BlackElo "2219"]
[PlyCount "73"]
[EventDate "2009.09.27"]
[EventType "team-tourn"]
[EventRounds "11"]
[EventCountry "FRA"]
[SourceTitle "EXT 2011"]
[Source "ChessBase"]
[SourceDate "2010.11.26"]
[SourceVersion "1"]
[SourceVersionDate "2010.11.26"]
[SourceQuality "1"]

1. e4 e5 2. Nf3 Nc6 3. Bc4 Nf6 4. Ng5 d5 5. exd5 Nd4 6. c3 b5 7. Bf1 Nxd5 8. Ne4 Qh4 9. Ng3 Bg4 10. f3 e4 11. cxd4 Bd6 12. Bxb5+ Kd8 13. 0-0 exf3 14. Rxf3 Rb8 15. Be2 Re8 16. Re3 Nxe3 17. dxe3 Bxe2 18. Qxe2 Bxg3 19. hxg3 Qxg3 20. Nc3 Rb6 21. Qf2 Qg4 22. Qe2 Qh4 23. e4 f5 24. e5 g5 25. Qf2 Qg4 26. Qf3 Qh4 27. g3 Qxd4+ 28. Be3 Qxe5 29. Bxb6 axb6 30. Rd1+ Ke7 31. Qe2 Qxe2 32. Nxe2 Ra8 33. a3 Ra4 34. Kf2 h5 35. Rh1 h4 36. gxh4 gxh4 37. Kf3 1-0

[Event "Montigny le Bretonneux Noel op 10th"]
[Site "Montigny le Bretonneux"]
[Date "2007.12.27"]
[Round "2"]
[White "Plantet, Marc"]
[Black "Dicko, Henri"]
[Result "0-1"]
[WhiteElo "1927"]
[BlackElo "2191"]
[PlyCount "50"]
[EventDate "2007.12.26"]
[EventType "swiss"]
[EventRounds "7"]
[EventCountry "FRA"]
[SourceTitle "CBM 122 Extra"]
[Source "ChessBase"]
[SourceDate "2008.03.04"]
[SourceVersion "1"]
[SourceVersionDate "2008.03.04"]
[SourceQuality "1"]

1. e4 e5 2. f4 exf4 3. Nc3 Be7 4. d4 Bh4+ 5. Ke2 d6 6. Bxf4 Bg4+ 7. Nf3 Ne7 8. h3 Bxf3+ 9. gxf3 Ng6 10. Be3 0-0 11. Qd2 f5 12. Rg1 Nc6 13. Rd1 Kh8 14. Bg5 Nxd4+ 15. Qxd4 Bxg5 16. Nd5 fxe4 17. fxe4 Bh6 18. Bg2 Qh4 19. Rdf1 c6 20. Ne3 Bxe3 21. Rxf8+ Rxf8 22. Qxe3 Qh5+ 23. Kd2 Qa5+ 24. Qc3 Rf2+ 25. Kc1 Qg5+ 0-1

[Event "Evry op"]
[Site "Evry"]
[Date "2007.11.02"]
[Round "4"]
[White "Dicko, Henri"]
[Black "Perrin, Marc"]
[Result "1-0"]
[WhiteElo "2191"]
[BlackElo "1968"]
[PlyCount "79"]
[EventDate "2007.10.31"]
[EventType "swiss"]
[EventRounds "9"]
[EventCountry "FRA"]
[SourceTitle "EXT 2009"]
[Source "ChessBase"]
[SourceDate "2008.11.26"]
[SourceVersion "1"]
[SourceVersionDate "2008.11.26"]
[SourceQuality "1"]

1. e4 d5 2. exd5 Nf6 3. d4 Bg4 4. Be2 Bxe2 5. Qxe2 Qxd5 6. Nf3 Nc6 7. Nc3 Qf5 8. Qb5 Qxb5 9. Nxb5 0-0-0 10. c3 e6 11. a4 h6 12. Bf4 Nd5 13. Bg3 a6 14. Na3 Na5 15. Ne5 Bxa3 16. Rxa3 Rhf8 17. b4 f6 18. bxa5 fxe5 19. Bxe5 Rf7 20. 0-0 Ne7 21. Re1 Nc6 22. Bg3 Re7 23. Ra2 Rd5 24. f3 Rxa5 25. Re4 Kd7 26. Bh4 Re8 27. Be1 Rd5 28. h4 Re7 29. Bf2 Na5 30. g4 Nc4 31. h5 Rf7 32. Kg2 e5 33. dxe5 Nxe5 34. c4 Ra5 35. Rd2+ Kc6 36. f4 Re7 37. fxe5 Rxa4 38. e6 b5 39. Bh4 Re8 40. e7 1-0

[Event "Montigny le Bretonneux Noel op 08th"]
[Site "Montigny le Bretonneux"]
[Date "2005.12.31"]
[Round "7"]
[White "Imbert, Christophe"]
[Black "Dicko, Henri"]
[Result "1-0"]
[WhiteElo "2136"]
[BlackElo "2154"]
[PlyCount "102"]
[EventDate "2005.12.26"]
[EventType "swiss"]
[EventRounds "7"]
[EventCountry "FRA"]
[SourceTitle "CBM 110 Extra"]
[Source "ChessBase"]
[SourceDate "2006.03.10"]
[SourceVersion "2"]
[SourceVersionDate "2006.03.10"]
[SourceQuality "1"]

1. e4 e5 2. Nf3 Nc6 3. Bb5 a6 4. Ba4 Nf6 5. 0-0 Be7 6. Re1 b5 7. Bb3 d6 8. c3 0-0 9. h3 Na5 10. Bc2 c5 11. d4 Qc7 12. Nbd2 Rd8 13. d5 c4 14. Nf1 Nb7 15. a4 Bd7 16. Ng3 Nc5 17. Be3 Nxa4 18. Bxa4 bxa4 19. Nd2 Rab8 20. Ra2 h6 21. f4 Nh7 22. Nf3 exf4 23. Bxf4 Qb6+ 24. Kh2 Qb3 25. Qb1 Nf8 26. Nd4 Qb7 27. Ngf5 Ng6 28. Nxe7+ Nxe7 29. Bxd6 Ng6 30. Bg3 Rbc8 31. Qd1 Re8 32. Qh5 Re7 33. Bd6 Ree8 34. Re2 Qb6 35. Bg3 Qc5 36. Ra1 Re7 37. Nf5 Bxf5 38. Qxf5 Ree8 39. Rxa4 Ne7 40. Qg4 f5 41. exf5 Nxd5 42. Rxe8+ Rxe8 43. Qxc4 Qxc4 44. Rxc4 Ne3 45. Rf4 Nd1 46. f6 gxf6 47. Rxf6 Re2 48. Bf4 Rxb2 49. Rxh6 a5 50. Ra6 a4 51. Kg3 Rc2 1-0

[Event "Montigny le Bretonneux Noel op 08th"]
[Site "Montigny le Bretonneux"]
[Date "2005.12.29"]
[Round "5"]
[White "Laurent, Dominique"]
[Black "Dicko, Henri"]
[Result "0-1"]
[WhiteElo "2032"]
[BlackElo "2154"]
[PlyCount "116"]
[EventDate "2005.12.26"]
[EventType "swiss"]
[EventRounds "7"]
[EventCountry "FRA"]
[SourceTitle "CBM 110 Extra"]
[Source "ChessBase"]
[SourceDate "2006.03.10"]
[SourceVersion "2"]
[SourceVersionDate "2006.03.10"]
[SourceQuality "1"]

1. e4 e5 2. Nf3 Nc6 3. Bb5 a6 4. Ba4 Nf6 5. 0-0 Be7 6. Re1 b5 7. Bb3 d6 8. h3 0-0 9. c3 Nb8 10. d4 Nbd7 11. Nbd2 Bb7 12. Bc2 Re8 13. Nf1 Bf8 14. Ng3 g6 15. Bg5 h6 16. Bd2 c5 17. d5 c4 18. Nh2 h5 19. Bg5 Be7 20. Nf3 Nh7 21. Bxe7 Qxe7 22. h4 a5 23. Qd2 Kg7 24. a4 Ba6 25. axb5 Bxb5 26. b3 cxb3 27. Bxb3 Nc5 28. Bc2 Reb8 29. Reb1 a4 30. Nf1 Nf6 31. Ng5 Bxf1 32. Rxb8 Rxb8 33. Kxf1 Rb2 34. Qc1 Qb7 35. f3 Qb6 36. Nh3 Qa6+ 37. Ke1 a3 38. Nf2 Nfd7 39. Nd1 Qb6 40. Rxa3 Rb5 41. Qe3 Qb7 42. g4 hxg4 43. fxg4 Nf6 44. Qf3 Qd7 45. Ne3 Rb8 46. Ra1 Rh8 47. h5 Qc7 48. Kf2 Qb6 49. Rb1 Qa5 50. Rh1 Qxc3 51. h6+ Rxh6 52. Rxh6 Kxh6 53. g5+ Kxg5 54. Qg3+ Kh6 55. Nf5+ gxf5 56. Qxc3 Ncxe4+ 57. Kg2 Nxc3 58. Bxf5 Nfxd5 0-1